000 01479cam a22002054a 4500
005 20250605164049.0
008 250528s ||||||||||||||||||||||||d
035 _a17201
020 _a58280731
040 _aGR-AtMCL
_bgre
_dGR-AtMCL
_eAACR2
245 1 _aThe Economics of Travel and Tourism / 2nd Edition
250 _a2nd
260 _bLongman,
_c1995
300 _a268
520 _aThe industries which collectively provide travel and tourism services worldwide are some of the fastest growing anywhere. This book examines the economics of those countries and their customer markets - tourists. It clearly identifies the special factors within tourism which distinguish its analysis, in economic terms, from other activities. Introduction, Preface, Resources in Tourism, Tourism Types, The Economics of Tourism Demand, Tourism Enterprises, Supplying Travel and Tourism Products, Equilibrium in Tourism Markets, Growth and Change in Tourist Demand - The Case of Central Florida, Tourism Supply in Prague and Czech Republic, Tourism Growth and National Economies, Employment and Income Creation, Unpriced Values and Externalities, The Balance of Tourism Payments: Tourism's External Account, Multinationals in Travel and Tourism, The Economic Roles of Government, Tourism Investment, Club Mediterranean, Local Government and Tourism, List of Abbreviations, Bibliography, Index.
700 1 _aBull Adrian
_93363
942 _cBK
999 _c2635
_d2635